|
|
|
|
| LEADER |
01806nam a2200457 4500 |
| 001 |
ocn802058502 |
| 003 |
OCoLC |
| 005 |
20180501122001.0 |
| 006 |
m o d |
| 007 |
cr cnu---unuuu |
| 008 |
120714s2012 ne af ob 001 0 eng d |
| 040 |
|
|
|a E7B
|b eng
|e pn
|c E7B
|d OCLCO
|d N$T
|d YDXCP
|d UIU
|d OCLCQ
|d DEBSZ
|d OCLCQ
|d OCLCF
|d OCLCQ
|d FEM
|d UAB
|e rda
|d MEU
|d GrThAP
|
| 019 |
|
|
|a 968013482
|a 969080451
|
| 020 |
|
|
|a 9780123876669
|q (electronic bk.)
|
| 020 |
|
|
|a 0123876664
|q (electronic bk.)
|
| 020 |
|
|
|a 0123876656
|
| 020 |
|
|
|a 9780123876652
|
| 035 |
|
|
|a (OCoLC)802058502
|z (OCoLC)968013482
|z (OCoLC)969080451
|
| 050 |
|
4 |
|a QH467
|b .M43 2012eb
|
| 072 |
|
7 |
|a HEA
|x 039060
|2 bisacsh
|
| 072 |
|
7 |
|a MED
|x 107000
|2 bisacsh
|
| 082 |
0 |
4 |
|a 616.042
|2 22
|
| 049 |
|
|
|a TEFA
|
| 245 |
0 |
0 |
|a Mechanisms of DNA Repair /
|c edited by Paul W. Doetsch.
|
| 264 |
|
1 |
|a Amsterdam ;
|a Boston :
|b Elsevier/Academic Press,
|c 2012.
|
| 300 |
|
|
|a 1 online resource (xii, 323 pages, 16 unnumbered pages of plates) :
|b color illustrations.
|
| 336 |
|
|
|a text
|b txt
|2 rdacontent
|
| 337 |
|
|
|a computer
|b c
|2 rdamedia
|
| 338 |
|
|
|a online resource
|b cr
|2 rdacarrier
|
| 490 |
1 |
|
|a Progress in molecular biology and translational science,
|x 1877-1173 ;
|v v. 110
|
| 546 |
|
|
|a Text in English.
|
| 504 |
|
|
|a Includes bibliographical references and index.
|
| 588 |
0 |
|
|a Print version record.
|
| 650 |
|
0 |
|a DNA repair.
|
| 650 |
|
7 |
|a HEALTH & FITNESS
|x Diseases
|x Genetic.
|2 bisacsh
|
| 650 |
|
7 |
|a MEDICAL
|x Genetics.
|2 bisacsh
|
| 650 |
|
7 |
|a DNA repair.
|2 fast
|0 (OCoLC)fst00886599
|
| 655 |
|
4 |
|a Electronic books.
|
| 700 |
1 |
|
|a Doetsch, Paul W.,
|e editor.
|
| 830 |
|
0 |
|a Progress in molecular biology and translational science ;
|v v. 110.
|x 1877-1173
|
| 856 |
4 |
0 |
|u https://www.sciencedirect.com/science/bookseries/18771173/110
|z Full Text via HEAL-Link
|